Most popular sports worldwide - Statistics

General Stats
  • This quiz has been taken 134 times
  • The average score is 7 of 10
Answer Stats
Hint Answer % Correct
3.5B Football
99%
800M Basketball
96%
2.5B Cricket
88%
500M Baseball
86%
1B Tennis
78%
2B Hockey
71%
475M Rugby
68%
450M Golf
56%
900M Volleyball
52%
850M Table Tennis
46%
No matching quizzes found
Score Distribution
Percent of People with Each Score
Percentile by Number Answered
Your Score History
You have not taken this quiz